RICS thinks BIG (Record no. 67731)

MARC details
000 -LEADER
fixed length control field 00811cam a2200205 4500
001 - CONTROL NUMBER
control field WB3728-11
008 - FIXED-LENGTH DATA ELEMENTS--GENERAL INFORMATION
fixed length control field 010717n2001 000 0 eng u
035 ## - SYSTEM CONTROL NUMBER
System control number (Sirsi) u113667
245 ## - TITLE STATEMENT
Title RICS thinks BIG
260 ## - PUBLICATION, DISTRIBUTION, ETC.
Date of publication, distribution, etc. 2001
490 ## - SERIES STATEMENT
Series statement RICS Press Release
Volume/sequential designation (pr094) 12 July 2001, (2)
520 ## - SUMMARY, ETC.
Summary, etc. RICS has rewritten guidance on gap funding so that it can be understood and used by UK developers. This will hopefully increase the likelihood of brownfield sites being developed. The Partnership Investment Programme replacement scheme is now referred to as BIG - Brownfield Improvement Grant.
590 ## - LOCAL NOTE (RLIN)
Local note WB
650 ## - SUBJECT ADDED ENTRY--TOPICAL TERM
Topical term or geographic name entry element GUIDANCE
650 ## - SUBJECT ADDED ENTRY--TOPICAL TERM
Topical term or geographic name entry element BROWNFIELD IMPROVEMENT GRANT
650 ## - SUBJECT ADDED ENTRY--TOPICAL TERM
Topical term or geographic name entry element PARTNERSHIP INVESTMENT PROGRAMME
650 ## - SUBJECT ADDED ENTRY--TOPICAL TERM
Topical term or geographic name entry element GAP FUNDING
690 ## - LOCAL SUBJECT ADDED ENTRY--TOPICAL TERM (OCLC, RLIN)
Topical term or geographic name as entry element DEVELOPMENT-SUSTAINABLE
942 ## - ADDED ENTRY ELEMENTS (KOHA)
Suppress in OPAC 0
Holdings
Withdrawn status Lost status Source of classification or shelving scheme Damaged status Not for loan Home library Current library Shelving location Date acquired Total Checkouts Full call number Barcode Date last seen Copy number Price effective from Koha item type
    Dewey Decimal Classification     London London News article 17/07/2001   WB3728-11 113667-1001 06/08/2019 1 06/08/2019 News article